[Event "XXI Festival A"]
[Site "Porto San Giorgio ITA"]
[Date "2009.08.24"]
[Round "4"]
[White "Liguori, Renato"]
[Black "Passerotti, Pierluigi"]
[Result "1-0"]
[WhiteElo "2107"]
[BlackElo "2302"]
[PlyCount "81"]
[EventDate "2009.08.21"]

1. d4 d5 2. c4 e5 3. dxe5 d4 4. Qd3 Nc6 5. Nf3 Bg4 6. Bg5 Be7 7. Bf4 Qd7 8. a3
O-O-O 9. Nbd2 g5 10. Bg3 f5 11. exf6 Bxf6 12. Ne4 Bg7 13. Nexg5 Bf5 14. Qb3 h6
15. Nh3 Nge7 16. Nf4 Ng6 17. Nd3 b6 18. Qb5 Rhe8 19. O-O-O h5 20. Nh4 Bh6+ 21.
Kb1 Nxh4 22. Bxh4 Re5 23. c5 Rde8 24. Qa6+ Kb8 25. cxb6 axb6 26. Bg3 Ra5 27.
Qxb6+ Kc8 28. Qb3 Ra6 29. Ka1 Be6 30. Qc2 Qd5 31. Nb4 Qb5 32. Nxa6 Qxa6 33. e3
Qb6 34. exd4 Bb3 35. Qf5+ Kb7 36. Qg6 Re6 37. Qxh5 Bxd1 38. Qxd1 Nxd4 39. Bc4
Qc6 40. Bxe6 Nc2+ 41. Kb1 1-0

[Event "XXI Festival A"]
[Site "Porto San Giorgio ITA"]
[Date "2009.08.24"]
[Round "4"]
[White "Naumkin, Igor"]
[Black "Movsziszian, Karen"]
[Result "1/2-1/2"]
[WhiteElo "2481"]
[BlackElo "2570"]
[PlyCount "91"]
[EventDate "2009.08.21"]

1. d4 d6 2. Nf3 g6 3. c4 Bg7 4. Nc3 Nf6 5. e4 O-O 6. Be2 e5 7. d5 a5 8. Bg5 h6
9. Bh4 Na6 10. Nd2 h5 11. Bg5 Qe8 12. O-O Bd7 13. Rc1 Nh7 14. Be3 h4 15. h3 Qe7
16. a3 f5 17. exf5 gxf5 18. f4 Bh6 19. Kh1 Rf7 20. b4 axb4 21. axb4 Nxb4 22.
Qb3 exf4 23. Bf2 Na6 24. Qxb7 Rff8 25. Qb3 Nc5 26. Qc2 Bg7 27. Nf3 Ne4 28. Bxh4
Ng3+ 29. Bxg3 fxg3 30. Bd3 Ng5 31. Rce1 Qd8 32. Nxg5 Qxg5 33. Nb5 Rac8 34. Na7
Rce8 35. Rxe8 Rxe8 36. Nb5 Ra8 37. Nxc7 Ra1 38. Rxa1 Bxa1 39. Ne6 Bxe6 40. dxe6
Qe3 41. Qb1 Bb2 42. Bxf5 Bc1 43. Qe4 Qxe4 44. Bxe4 Be3 45. Bd5 Kf8 46. h4
1/2-1/2

[Event "XXI Festival A"]
[Site "Porto San Giorgio ITA"]
[Date "2009.08.24"]
[Round "4"]
[White "Nicolo', Filippo"]
[Black "Martorelli, Antonio"]
[Result "0-1"]
[WhiteElo "2081"]
[BlackElo "2225"]
[PlyCount "42"]
[EventDate "2009.08.21"]

1. e4 c5 2. Nf3 e6 3. d4 cxd4 4. Nxd4 a6 5. f4 Qb6 6. Nb3 Nf6 7. Qf3 d5 8. e5
Ne4 9. Be3 Qc7 10. Bd3 Bb4+ 11. c3 Be7 12. N1d2 Nxd2 13. Bxd2 Nc6 14. Be3 Bd7
15. Qf2 f6 16. Bb6 Qb8 17. O-O fxe5 18. Bxh7 Rxh7 19. Qg3 Kf7 20. Nc5 Bxc5+ 21.
Bxc5 e4 0-1

[Event "XXI Festival A"]
[Site "Porto San Giorgio ITA"]
[Date "2009.08.24"]
[Round "4"]
[White "Ortega, Lexy"]
[Black "Hera, Imre jr"]
[Result "1/2-1/2"]
[WhiteElo "2437"]
[BlackElo "2557"]
[PlyCount "35"]
[EventDate "2009.08.21"]

1. d4 Nf6 2. Nf3 e6 3. e3 c5 4. c4 cxd4 5. exd4 d5 6. Nc3 Bb4 7. Bd3 O-O 8. O-O
dxc4 9. Bxc4 a6 10. Ne5 Nbd7 11. Bb3 Nxe5 12. dxe5 Qxd1 13. Rxd1 Nd7 14. Bf4
Bxc3 15. bxc3 b5 16. c4 bxc4 17. Bxc4 Nb6 18. Bb3 1/2-1/2

[Event "XXI Festival A"]
[Site "Porto San Giorgio ITA"]
[Date "2009.08.24"]
[Round "4"]
[White "Parpinel, Marco"]
[Black "Boyarchenko, Marie"]
[Result "1-0"]
[WhiteElo "2165"]
[BlackElo "2028"]
[PlyCount "39"]
[EventDate "2009.08.21"]

1. e4 e5 2. f4 d5 3. exd5 e4 4. d3 Nf6 5. dxe4 Nxe4 6. Nf3 Bc5 7. Qe2 Bf2+ 8.
Kd1 Qxd5+ 9. Nfd2 f5 10. Nc3 Qd4 11. Ncxe4 fxe4 12. c3 Qe3 13. Qh5+ Kd8 14.
Qg5+ Ke8 15. Qe5+ Kf8 16. Qd5 Bg4+ 17. Kc2 Nc6 18. Bc4 Nd8 19. Nxe4 Qb6 20. f5
1-0

[Event "XXI Festival A"]
[Site "Porto San Giorgio ITA"]
[Date "2009.08.24"]
[Round "4"]
[White "Ranieri, Fabrizio"]
[Black "Pienabarca, Nicola"]
[Result "1-0"]
[WhiteElo "2264"]
[BlackElo "2081"]
[PlyCount "39"]
[EventDate "2009.08.21"]

1. e4 e5 2. Nf3 Nc6 3. Bc4 Bc5 4. d3 Nf6 5. a3 a6 6. Nc3 O-O 7. b4 Be7 8. Nd5
Nxd5 9. Bxd5 d6 10. Be3 Bf6 11. h3 Ne7 12. Bb3 d5 13. Qe2 d4 14. Bd2 Ng6 15. g3
Re8 16. g4 Nh4 17. g5 Nxf3+ 18. Qxf3 Be7 19. Bxf7+ Kh8 20. Qh5 1-0

[Event "XXI Festival A"]
[Site "Porto San Giorgio ITA"]
[Date "2009.08.24"]
[Round "4"]
[White "Rinaudo, Sergio"]
[Black "Trent, Lawrence"]
[Result "1/2-1/2"]
[WhiteElo "2117"]
[BlackElo "2471"]
[PlyCount "117"]
[EventDate "2009.08.21"]

1. d4 Nf6 2. Nf3 g6 3. Nbd2 Bg7 4. e4 d6 5. Bd3 O-O 6. O-O Nfd7 7. c3 e5 8. Nc4
Nc6 9. Be3 h6 10. Qb3 Kh8 11. Rad1 Qe7 12. Rfe1 Nf6 13. dxe5 dxe5 14. Qb5 a6
15. Qc5 Qxc5 16. Bxc5 Re8 17. Ne3 Be6 18. b3 Rad8 19. Bc2 Kg8 20. Rxd8 Rxd8 21.
Rd1 Rxd1+ 22. Nxd1 Bg4 23. Nd2 Bf8 24. Bxf8 Kxf8 25. f3 Be6 26. Kf2 Ke7 27. Bd3
b5 28. Ke3 Nd7 29. g3 Nc5 30. Be2 f6 31. f4 g5 32. Nf2 b4 33. c4 a5 34. Nd3
Nxd3 35. Bxd3 Kd6 36. f5 Bf7 37. g4 Nd4 38. Nf3 Kc5 39. Ne1 a4 40. Bc2 Nxc2+
41. Nxc2 Bxc4 42. bxc4 b3 43. axb3 axb3 44. Na3 Kb4 45. Nb1 Kxc4 46. Kd2 Kd4
47. Nc3 c6 48. h3 Kc4 49. Ne2 c5 50. Nc3 Kd4 51. Nd5 c4 52. Nc3 Kc5 53. Kc1 Kd4
54. Kb2 Kd3 55. Nd5 Kd2 56. Nc3 Kd3 57. Nd5 Kd2 58. Nc3 Kd3 59. Nd5 1/2-1/2

[Event "XXI Festival A"]
[Site "Porto San Giorgio ITA"]
[Date "2009.08.24"]
[Round "4"]
[White "Rizzo, Giovanbattista"]
[Black "Aleksic, Nenad"]
[Result "0-1"]
[WhiteElo "2108"]
[BlackElo "2367"]
[PlyCount "62"]
[EventDate "2009.08.21"]

1. d4 Nf6 2. c4 e6 3. Nc3 Bb4 4. e3 b6 5. Nge2 c5 6. a3 Ba5 7. Rb1 Na6 8. d5
exd5 9. cxd5 O-O 10. Ng3 Bb7 11. Bd2 Bxc3 12. Bxc3 Nxd5 13. Bxg7 Kxg7 14. Nf5+
Kh8 15. Nd6 Bc6 16. Bxa6 Qe7 17. O-O Qxd6 18. e4 Rg8 19. exd5 Qxd5 20. Qxd5
Bxd5 21. f3 Be6 22. Rfd1 d5 23. Bb7 Rad8 24. b4 Rd7 25. Bc6 Rd6 26. Bb5 Rc8 27.
Rbc1 d4 28. bxc5 Rxc5 29. a4 Rxc1 30. Rxc1 d3 31. Rb1 Ba2 0-1

[Event "XXI Festival A"]
[Site "Porto San Giorgio ITA"]
[Date "2009.08.24"]
[Round "4"]
[White "Sanikidze, Tornike"]
[Black "Izsak, Gyula"]
[Result "1-0"]
[WhiteElo "2559"]
[BlackElo "2444"]
[PlyCount "73"]
[EventDate "2009.08.21"]

1. d4 Nf6 2. c4 e6 3. Nf3 b6 4. a3 Bb7 5. Nc3 d5 6. cxd5 Nxd5 7. e3 Be7 8. Bb5+
c6 9. Bd3 c5 10. e4 Nxc3 11. bxc3 Qc8 12. O-O O-O 13. Qe2 Ba6 14. Rd1 Bxd3 15.
Rxd3 Nd7 16. h4 Qa6 17. Bg5 Rfe8 18. Bxe7 Rxe7 19. e5 h6 20. Rad1 cxd4 21. cxd4
Rd8 22. Qe3 Rde8 23. Nd2 f6 24. f4 fxe5 25. fxe5 b5 26. Ne4 Rf8 27. Qg3 Qc6 28.
Qg4 Qd5 29. Nd6 Kh8 30. Rc3 Nb6 31. Rdc1 Nc4 32. Nxc4 bxc4 33. Rxc4 Rd7 34. h5
a5 35. Kh2 Rf5 36. Rc8+ Rd8 37. R1c5 1-0

[Event "XXI Festival A"]
[Site "Porto San Giorgio ITA"]
[Date "2009.08.24"]
[Round "4"]
[White "Santurbano, Maria Vincenza"]
[Black "Malloni, Marcello"]
[Result "0-1"]
[WhiteElo "1950"]
[BlackElo "2271"]
[PlyCount "43"]
[EventDate "2009.08.21"]

1. e4 Nc6 2. d4 d5 3. e5 f6 4. f4 Nh6 5. Nf3 Bf5 6. a3 e6 7. c4 Be4 8. Nc3 Bxf3
9. Qxf3 Nxd4 10. Qd1 Nhf5 11. cxd5 exd5 12. g3 Bc5 13. b4 Bb6 14. Na4 O-O 15.
Nxb6 axb6 16. Bb2 fxe5 17. fxe5 Ne3 18. Qxd4 Nc2+ 19. Ke2 Nxd4+ 20. Bxd4 c5 21.
bxc5 Ra4 22. Ke3 0-1

[Event "XXI Festival A"]
[Site "Porto San Giorgio ITA"]
[Date "2009.08.24"]
[Round "4"]
[White "Stromboli, Carlo"]
[Black "Bove, Raffaele"]
[Result "1-0"]
[WhiteElo "2289"]
[BlackElo "1964"]
[PlyCount "71"]
[EventDate "2009.08.21"]

1. e4 c5 2. Nf3 d6 3. d4 cxd4 4. Nxd4 Nf6 5. Nc3 a6 6. h3 e6 7. g4 h6 8. Bg2 e5
9. Nde2 Nbd7 10. a4 Qa5 11. O-O Nc5 12. Qd2 Qd8 13. b3 Bd7 14. Ba3 Bc6 15. Qe3
Be7 16. Rad1 Qc7 17. f4 Nfd7 18. f5 Bg5 19. Qf2 Be7 20. Bc1 Nf6 21. Ng3 Rc8 22.
Qf3 b6 23. Nd5 Bxd5 24. exd5 b5 25. axb5 axb5 26. Qe2 Rb8 27. Be3 Kd7 28. Qf2
Rhc8 29. Qe2 Bd8 30. h4 Nh7 31. g5 Nxg5 32. hxg5 Bxg5 33. Bxg5 hxg5 34. f6 Rh8
35. Qg4+ Kd8 36. fxg7 1-0

[Event "XXI Festival A"]
[Site "Porto San Giorgio ITA"]
[Date "2009.08.24"]
[Round "4"]
[White "Tomescu, Vlad"]
[Black "Piva, Giorgio"]
[Result "1-0"]
[WhiteElo "2422"]
[BlackElo "2159"]
[PlyCount "69"]
[EventDate "2009.08.21"]

1. e4 c5 2. Nf3 g6 3. c3 Bg7 4. d4 cxd4 5. cxd4 d5 6. exd5 Nf6 7. Bb5+ Nbd7 8.
d6 a6 9. Bxd7+ Bxd7 10. O-O exd6 11. Re1+ Kf8 12. Nc3 h6 13. Bf4 Be6 14. h3 Nd5
15. Qd2 g5 16. Bg3 Bf6 17. Nxd5 Bxd5 18. Qb4 Kg7 19. Bxd6 a5 20. Qa3 Bxf3 21.
gxf3 Bxd4 22. Rad1 Bf6 23. Be5 Qc8 24. Bxf6+ Kxf6 25. Qe7+ Kg7 26. Rd7 Rf8 27.
Kg2 Ra6 28. Rxb7 Rf6 29. Rc7 Qb8 30. b3 Qb4 31. Qe5 Qf4 32. Qc3 Kg6 33. Re4 Qf5
34. Rc5 Qd7 35. Rd4 1-0

[Event "XXI Festival A"]
[Site "Porto San Giorgio ITA"]
[Date "2009.08.24"]
[Round "4"]
[White "Voiska, Margarita"]
[Black "Ruggeri, Pietro"]
[Result "1-0"]
[WhiteElo "2332"]
[BlackElo "2097"]
[PlyCount "52"]
[EventDate "2009.08.21"]

1. d4 d5 2. Nf3 c5 3. e3 Nc6 4. c4 cxd4 5. exd4 e6 6. Nc3 Be7 7. Bd3 dxc4 8.
Bxc4 Nf6 9. O-O O-O 10. Bg5 b6 11. Qd2 Bb7 12. Rad1 Na5 13. Be2 Rc8 14. Ne5 Ne4
15. Nxe4 Bxe4 16. Bxe7 Qxe7 17. Rc1 Rxc1 18. Rxc1 Rd8 19. Qf4 f5 20. Bf3 g5 21.
Qe3 Bxf3 22. Nxf3 f4 23. Qe5 h6 24. Rc7 Rd7 25. Rc8+ Kf7 26. Qh8 Kg6 1-0

[Event "XXI Festival A"]
[Site "Porto San Giorgio ITA"]
[Date "2009.08.25"]
[Round "5"]
[White "Aleksic, Nenad"]
[Black "Farago, Ivan"]
[Result "1/2-1/2"]
[WhiteElo "2367"]
[BlackElo "2511"]
[PlyCount "44"]
[EventDate "2009.08.21"]

1. e4 e6 2. Nf3 d5 3. Nc3 Nf6 4. e5 Nfd7 5. d4 c5 6. dxc5 Nc6 7. Bf4 Nxc5 8.
Qd2 Be7 9. O-O-O a6 10. h4 b5 11. Qe3 Bb7 12. Kb1 h6 13. h5 Qb6 14. Nd4 O-O-O
15. Nxc6 Qxc6 16. Ne2 Kb8 17. Nd4 Qc7 18. Bd3 Rc8 19. Nb3 Rhd8 20. f3 Bf8 21.
Bg3 Nxb3 22. axb3 Bc5 1/2-1/2

[Event "XXI Festival A"]
[Site "Porto San Giorgio ITA"]
[Date "2009.08.25"]
[Round "5"]
[White "Altini, Daniele"]
[Black "Estremera Panos, Sergio"]
[Result "1/2-1/2"]
[WhiteElo "2236"]
[BlackElo "2394"]
[PlyCount "26"]
[EventDate "2009.08.21"]

1. d4 Nf6 2. Bf4 b6 3. Nf3 Bb7 4. e3 e6 5. Bd3 Be7 6. Nbd2 c5 7. c3 Nc6 8. Qe2
O-O 9. h4 d6 10. Ne4 Nxe4 11. Bxe4 f5 12. Bc2 Qe8 13. O-O-O Rd8 1/2-1/2

[Event "XXI Festival A"]
[Site "Porto San Giorgio ITA"]
[Date "2009.08.25"]
[Round "5"]
[White "Baklan, Vladimir"]
[Black "Naumkin, Igor"]
[Result "1-0"]
[WhiteElo "2639"]
[BlackElo "2481"]
[PlyCount "63"]
[EventDate "2009.08.21"]

1. e4 e5 2. Nf3 Nc6 3. Bb5 a6 4. Ba4 Nf6 5. O-O Be7 6. Re1 b5 7. Bb3 d6 8. c3
O-O 9. d4 Bg4 10. Be3 exd4 11. cxd4 d5 12. e5 Ne4 13. Nc3 Nxc3 14. bxc3 Qd7 15.
h3 Bh5 16. g4 Bg6 17. Bg5 Bxg5 18. Nxg5 f6 19. exf6 Rxf6 20. Re5 Rd6 21. f4 h6
22. Nf3 Kh8 23. f5 Bh7 24. Re3 Rf8 25. Qe2 g6 26. Ne5 Qd8 27. Nf7+ Rxf7 28.
Re8+ Kg7 29. Rxd8 Rxd8 30. Rf1 gxf5 31. gxf5 Bxf5 32. Bxd5 1-0

[Event "XXI Festival A"]
[Site "Porto San Giorgio ITA"]
[Date "2009.08.25"]
[Round "5"]
[White "Bianchi, Alberto"]
[Black "Borgiani, Flavio"]
[Result "1-0"]
[WhiteElo "2014"]
[BlackElo "2185"]
[PlyCount "127"]
[EventDate "2009.08.21"]

1. e4 c5 2. Nf3 a6 3. Nc3 e6 4. d4 cxd4 5. Nxd4 Qc7 6. g3 b5 7. Bg2 Bb7 8. a3
Nf6 9. Bg5 Be7 10. O-O d6 11. Bxf6 gxf6 12. Qh5 Qc5 13. Nxe6 Qxh5 14. Ng7+ Kf8
15. Nxh5 Nd7 16. Nd5 Bxd5 17. exd5 Nb6 18. b3 Rc8 19. c4 bxc4 20. bxc4 Rxc4 21.
Rfc1 Rc5 22. Rab1 Bd8 23. Rxc5 dxc5 24. Nxf6 Kg7 25. Nh5+ Kh6 26. Nf4 Re8 27.
Bf1 c4 28. a4 a5 29. Rb5 Nxa4 30. Bxc4 Nb6 31. Ba2 Re1+ 32. Kg2 a4 33. d6 Nd7
34. Bxf7 Ne5 35. Bd5 Nd7 36. Rb7 Nf6 37. Rb8 Ba5 38. Ra8 Bb4 39. Ra6 Kg5 40.
Nd3 Rb1 41. Nxb4 Rxb4 42. Bc6 a3 43. Rxa3 Rd4 44. Ra5+ Kg6 45. d7 Nxd7 46. Bxd7
Rxd7 47. h4 Rd6 48. h5+ Kf6 49. g4 Rb6 50. g5+ Ke6 51. Kg3 Rb3+ 52. Kg4 Rb1 53.
f3 Rg1+ 54. Kf4 Rh1 55. Ra6+ Kf7 56. Kf5 Rxh5 57. Ra7+ Ke8 58. Ke6 Kf8 59. Kf6
Ke8 60. f4 Rh3 61. f5 Rh1 62. Ra5 Rb1 63. Ra8+ Kd7 64. Ra7+ 1-0

[Event "XXI Festival A"]
[Site "Porto San Giorgio ITA"]
[Date "2009.08.25"]
[Round "5"]
[White "Borgo, Giulio"]
[Black "Boscolo, Marco"]
[Result "1-0"]
[WhiteElo "2433"]
[BlackElo "2136"]
[PlyCount "43"]
[EventDate "2009.08.21"]

1. Nf3 Nf6 2. c4 e6 3. g3 d5 4. Bg2 Be7 5. O-O O-O 6. d4 dxc4 7. Qc2 Nbd7 8.
Qxc4 a6 9. Qc2 c5 10. Rd1 Qa5 11. Nbd2 Nd5 12. Nc4 Qc7 13. Bg5 N7f6 14. dxc5
Qxc5 15. e4 Nb4 16. Qe2 b5 17. Nce5 h6 18. Rac1 Qb6 19. Be3 Qb8 20. a3 Bb7 21.
axb4 Bxe4 22. Bc5 1-0

[Event "XXI Festival A"]
[Site "Porto San Giorgio ITA"]
[Date "2009.08.25"]
[Round "5"]
[White "Castaldo, Folco"]
[Black "Rinaudo, Andrea"]
[Result "1-0"]
[WhiteElo "2401"]
[BlackElo "2101"]
[PlyCount "75"]
[EventDate "2009.08.21"]

1. e4 c5 2. c3 d5 3. exd5 Qxd5 4. d4 Nc6 5. Nf3 Bg4 6. Be2 cxd4 7. cxd4 e6 8.
Nc3 Qd8 9. h3 Bh5 10. Qb3 Qb6 11. Qxb6 axb6 12. d5 Nb4 13. Bb5+ Kd8 14. O-O
Bxf3 15. gxf3 exd5 16. Rd1 Nf6 17. Bg5 d4 18. Rxd4+ Kc8 19. Na4 Ra5 20. Rc1+
Nc6 21. Nxb6+ Kc7 22. Nd5+ Nxd5 23. Rxd5 Rxa2 24. Bf4+ Kb6 25. Bxc6 bxc6 26.
Rd8 Ra6 27. Rb8+ Ka7 28. Rd1 Bd6 29. Rxh8 Bxf4 30. Rd7+ Kb6 31. Re8 Ra2 32.
Rxf7 g5 33. h4 Bc1 34. b4 Kb5 35. Rb7+ Kc4 36. h5 Bf4 37. Re4+ Kc3 38. Rb6 1-0

[Event "XXI Festival A"]
[Site "Porto San Giorgio ITA"]
[Date "2009.08.25"]
[Round "5"]
[White "Cerquitella, Luca"]
[Black "Suppa, Ercole"]
[Result "0-1"]
[WhiteElo "2261"]
[BlackElo "2100"]
[PlyCount "156"]
[EventDate "2009.08.21"]

1. d4 d5 2. Nf3 Nf6 3. Bf4 Bf5 4. e3 e6 5. Be2 Be7 6. Ne5 Nbd7 7. O-O O-O 8. c4
dxc4 9. Nxc4 Nb6 10. Na5 Qc8 11. Qb3 Nfd5 12. Bg3 Bb4 13. Nc4 Be7 14. Nbd2 Nxc4
15. Bxc4 Nb6 16. Be2 Bd6 17. Bxd6 cxd6 18. Rfc1 Qd7 19. a4 Bg6 20. a5 Nd5 21.
Bf3 b6 22. a6 Rac8 23. Bxd5 Rxc1+ 24. Rxc1 exd5 25. Qxd5 Qa4 26. Qc4 Qa5 27. b4
Qa3 28. Rc3 Qa1+ 29. Rc1 Qa3 30. h3 b5 31. Qc3 Qxa6 32. Ra1 Qb7 33. Qa3 Ra8 34.
Qa6 Qc7 35. Nf3 Bd3 36. Kh2 h6 37. Qa3 Be4 38. Nd2 d5+ 39. Kg1 Bf5 40. Rc1 Qd6
41. Rc5 Qg6 42. Kh2 Qd6+ 43. Kh1 Qd7 44. Qa2 Bxh3 45. Qxd5 Rd8 46. Qxd7 Bxd7
47. Rc7 a6 48. Ra7 Be6 49. Ne4 Bd5 50. Nc5 f5 51. Rxa6 Bc4 52. Kg1 f4 53. Ne6
Rc8 54. Nxf4 Bb3 55. Ra5 Rc1+ 56. Kh2 Bc4 57. e4 Rb1 58. e5 Rxb4 59. e6 Ra4 60.
Rxa4 bxa4 61. d5 Kf8 62. d6 Ke8 63. d7+ Kd8 64. Ng6 Bxe6 65. Ne5 Bxd7 66. Nc4
Kc7 67. Kg3 Be6 68. Na3 Kd6 69. Kf4 g5+ 70. Ke4 Bd5+ 71. Kf5 Bxg2 72. Kg6 Be4+
73. Kxh6 Kc5 74. Kxg5 Kb4 75. Kf4 Bh7 76. Nc2+ Bxc2 77. Ke3 Kb3 78. Kd2 Kb2 0-1

[Event "XXI Festival A"]
[Site "Porto San Giorgio ITA"]
[Date "2009.08.25"]
[Round "5"]
[White "Eperjesi, Laszlo"]
[Black "Pepe, Mario"]
[Result "1/2-1/2"]
[WhiteElo "2250"]
[BlackElo "2033"]
[PlyCount "70"]
[EventDate "2009.08.21"]

1. d4 Nf6 2. Nf3 d5 3. c4 e6 4. e3 Be7 5. Nc3 O-O 6. Bd3 Nc6 7. O-O Nb4 8. Bb1
dxc4 9. Ne5 c5 10. Nxc4 cxd4 11. exd4 b6 12. Ne5 Bb7 13. a3 Nbd5 14. Qe2 Rc8
15. Bd2 Nxc3 16. bxc3 Qd5 17. f3 Rc7 18. Re1 Qd6 19. a4 Nd7 20. Qd3 g6 21. Bf4
Nxe5 22. Bxe5 Qc6 23. Bxc7 Qxc7 24. Ba2 Rc8 25. Rac1 Qf4 26. g3 Qxf3 27. Qxf3
Bxf3 28. Kf2 Bg4 29. c4 Ba3 30. Rb1 h5 31. Rb5 Kg7 32. Re3 Bd6 33. a5 e5 34.
Rbxe5 Bxe5 35. Rxe5 Be6 1/2-1/2

[Event "XXI Festival A"]
[Site "Porto San Giorgio ITA"]
[Date "2009.08.25"]
[Round "5"]
[White "Gordon, Stephen J."]
[Black "Voiska, Margarita"]
[Result "1-0"]
[WhiteElo "2537"]
[BlackElo "2332"]
[PlyCount "47"]
[EventDate "2009.08.21"]

1. d4 d5 2. c4 c6 3. Nf3 Nf6 4. Nc3 a6 5. c5 Nbd7 6. Bf4 Nh5 7. Qd2 Nxf4 8.
Qxf4 e6 9. e4 Be7 10. Bd3 O-O 11. O-O f6 12. Qe3 Re8 13. exd5 exd5 14. Qe6+ Kh8
15. Qf7 Rf8 16. Qh5 f5 17. Bxf5 Nf6 18. Qh3 b6 19. Ne5 Bxf5 20. Qxf5 Rc8 21.
cxb6 Qxb6 22. Qh3 Rfe8 23. Ng6+ Kg8 24. Qe6# 1-0

[Event "XXI Festival A"]
[Site "Porto San Giorgio ITA"]
[Date "2009.08.25"]
[Round "5"]
[White "Hera, Imre jr"]
[Black "Fierro Baquero, Martha Lorena"]
[Result "1-0"]
[WhiteElo "2557"]
[BlackElo "2394"]
[PlyCount "79"]
[EventDate "2009.08.21"]

1. Nf3 Nf6 2. c4 g6 3. Nc3 Bg7 4. e4 d6 5. d4 O-O 6. Be2 e5 7. Be3 Ng4 8. Bg5
f6 9. Bh4 g5 10. Bg3 Nh6 11. d5 f5 12. h3 Nd7 13. exf5 Nc5 14. Qc1 e4 15. Nxg5
Nxf5 16. O-O Nxg3 17. fxg3 Rxf1+ 18. Bxf1 Bf5 19. g4 Bg6 20. Qe3 Qf6 21. Rd1 h6
22. Ne6 Nxe6 23. dxe6 Qxe6 24. Nd5 Qf7 25. c5 Kh7 26. h4 c6 27. Nc3 Kh8 28.
cxd6 Qe6 29. g5 hxg5 30. Qxg5 Kh7 31. h5 Bf5 32. Bc4 Qe5 33. Bf7 Qf6 34. Qxf6
Bxf6 35. Rf1 Bd4+ 36. Kh1 Bxc3 37. bxc3 Bg4 38. Rf4 Kg7 39. Rxg4+ Kxf7 40. Rxe4
1-0

[Event "XXI Festival A"]
[Site "Porto San Giorgio ITA"]
[Date "2009.08.25"]
[Round "5"]
[White "Izsak, Gyula"]
[Black "Caprio, Guido"]
[Result "1-0"]
[WhiteElo "2444"]
[BlackElo "2212"]
[PlyCount "79"]
[EventDate "2009.08.21"]

1. d4 Nf6 2. Nf3 g6 3. c4 Bg7 4. g3 O-O 5. Bg2 d6 6. Nc3 Nbd7 7. O-O e5 8. Qc2
c6 9. Rd1 Re8 10. e3 e4 11. Nd2 d5 12. b4 a6 13. a4 Nf8 14. a5 Ne6 15. Na4 Ng5
16. Nb6 Bh3 17. Bxh3 Nxh3+ 18. Kg2 Nxf2 19. Kxf2 Ng4+ 20. Ke2 Nxe3 21. Kxe3
Bxd4+ 22. Ke2 Qg5 23. Nb3 Qh5+ 24. Ke1 Bxa1 25. Nxa1 Qf3 26. Qe2 Qh1+ 27. Kd2
e3+ 28. Kc3 Qe4 29. Nxa8 Qe5+ 30. Rd4 c5 31. bxc5 dxc4 32. Nb6 Qxc5 33. Nxc4
Rc8 34. Nb3 Qe5 35. Qxe3 Qb5 36. Qd3 Kg7 37. Bb2 b6 38. Kc2 Kh6 39. Rh4+ Kg5
40. Qe3+ 1-0

[Event "XXI Festival A"]
[Site "Porto San Giorgio ITA"]
[Date "2009.08.25"]
[Round "5"]
[White "Kohlweyer, Bernd"]
[Black "Rinaudo, Sergio"]
[Result "1-0"]
[WhiteElo "2418"]
[BlackElo "2117"]
[PlyCount "101"]
[EventDate "2009.08.21"]

1. c4 e6 2. Nf3 d5 3. g3 Nf6 4. Bg2 Bd6 5. O-O O-O 6. b3 Nbd7 7. Nc3 c6 8. Bb2
b6 9. d4 Bb7 10. Nd2 Be7 11. e4 dxe4 12. Ndxe4 Nxe4 13. Nxe4 Nf6 14. Qc2 Qc7
15. c5 Rfd8 16. Rfd1 h6 17. Nd2 Rac8 18. a3 Ba6 19. Nf3 Nd5 20. Re1 Bf6 21.
Rad1 Rd7 22. h4 Qd8 23. b4 Bb5 24. Qb3 Rb8 25. cxb6 Nxb6 26. Rc1 Ba4 27. Qa2
Nd5 28. Rc5 Rb5 29. Rxc6 Rb8 30. Rc5 Be7 31. Ra5 Nb6 32. Ne5 Rc7 33. Nxf7 Kxf7
34. Qxe6+ Kf8 35. Rxa4 Bf6 36. Qb3 Nxa4 37. Qxa4 Kg8 38. Qb3+ Kh8 39. d5 Bxb2
40. Qxb2 Rbc8 41. Re6 Rc3 42. Qe2 Qf8 43. Qe5 Kg8 44. Be4 Rc1+ 45. Kg2 Rd1 46.
Re7 Rd2 47. Rxg7+ Qxg7 48. Qe6+ Qf7 49. Qxc8+ Qf8 50. Bh7+ Kf7 51. Qc7+ 1-0

[Event "XXI Festival A"]
[Site "Porto San Giorgio ITA"]
[Date "2009.08.25"]
[Round "5"]
[White "Lalic, Bogdan"]
[Black "Jones, Gawain C.B."]
[Result "1/2-1/2"]
[WhiteElo "2517"]
[BlackElo "2554"]
[PlyCount "21"]
[EventDate "2009.08.21"]

1. d4 Nf6 2. c4 g6 3. Nc3 Bg7 4. e4 d6 5. Nf3 O-O 6. Be2 e5 7. O-O Nc6 8. d5
Ne7 9. Ne1 Nd7 10. f3 f5 11. g4 1/2-1/2

[Event "XXI Festival A"]
[Site "Porto San Giorgio ITA"]
[Date "2009.08.25"]
[Round "5"]
[White "Lantini, Marco"]
[Black "Calzetta Ruiz, Monica"]
[Result "0-1"]
[WhiteElo "2194"]
[BlackElo "2344"]
[PlyCount "50"]
[EventDate "2009.08.21"]

1. d4 Nf6 2. c4 c5 3. d5 b5 4. Nf3 bxc4 5. Nc3 g6 6. e4 Bg7 7. Bxc4 O-O 8. h3
d6 9. O-O Ba6 10. Qe2 Bxc4 11. Qxc4 Nbd7 12. Bf4 Rb8 13. Qe2 Rb4 14. a3 Rb3 15.
Ra2 Nh5 16. Bh2 Qb6 17. Nd2 Rxb2 18. Na4 Qb5 19. Qxb5 Rxb5 20. g4 Nhf6 21. f4
Rfb8 22. e5 Nxd5 23. exd6 exd6 24. Ne4 Bd4+ 25. Kh1 Ra5 0-1

[Event "XXI Festival A"]
[Site "Porto San Giorgio ITA"]
[Date "2009.08.25"]
[Round "5"]
[White "Malloni, Marcello"]
[Black "Tomescu, Vlad"]
[Result "0-1"]
[WhiteElo "2271"]
[BlackElo "2422"]
[PlyCount "128"]
[EventDate "2009.08.21"]

1. e4 c5 2. c3 d5 3. exd5 Qxd5 4. d4 Nf6 5. Nf3 e6 6. Na3 a6 7. Nc2 Nc6 8. Be3
cxd4 9. Ncxd4 Ng4 10. Nc2 Nxe3 11. Nxe3 Qa5 12. g3 Be7 13. Bg2 O-O 14. O-O Rd8
15. Qb3 Qc7 16. Rfd1 Bd7 17. Nd4 Na5 18. Qc2 g6 19. Rd2 Bf6 20. Rad1 Rac8 21.
c4 Be8 22. b3 b5 23. cxb5 Qxc2 24. Ndxc2 Rxd2 25. Rxd2 axb5 26. Rd6 Nc6 27. a4
bxa4 28. bxa4 Be7 29. Rd1 Na5 30. Ra1 Rc7 31. Bf1 Nb3 32. Ra2 Ra7 33. Bc4 Nd2
34. a5 Bd8 35. Nb4 Nf3+ 36. Kg2 Ne5 37. a6 Be7 38. Nbc2 Bc6+ 39. Kf1 Nxc4 40.
Nxc4 Bb5 41. N2e3 Bxa6 42. Kg1 Bc5 43. h4 f6 44. Nd2 Bd3 45. Rxa7 Bxa7 46. Nf3
Kf7 47. Ng2 e5 48. Ne3 Ke6 49. Nd2 f5 50. Nf3 h6 51. Ne1 Be2 52. N1g2 Kd6 53.
Ne1 Kc5 54. N1c2 f4 55. Nf1 Kc4 56. gxf4 exf4 57. Nh2 Kd3 58. Ne1+ Kd2 59.
Nef3+ Bxf3 60. Nxf3+ Ke2 61. Kg2 Bxf2 62. Ne5 Bxh4 63. Nxg6 f3+ 64. Kh3 Bg5 0-1

[Event "XXI Festival A"]
[Site "Porto San Giorgio ITA"]
[Date "2009.08.25"]
[Round "5"]
[White "Martorelli, Antonio"]
[Black "Calavalle, Giulio"]
[Result "0-1"]
[WhiteElo "2225"]
[BlackElo "2228"]
[PlyCount "83"]
[EventDate "2009.08.21"]

1. e4 c5 2. Nf3 Nc6 3. Bb5 g6 4. O-O Bg7 5. c3 e5 6. d4 cxd4 7. cxd4 exd4 8.
Bf4 Nge7 9. Bd6 Qb6 10. Na3 Nd8 11. Be5 Bxe5 12. Nxe5 O-O 13. Nec4 Qc5 14. b4
Qxb4 15. Qxd4 Nec6 16. Qe3 Ne6 17. Rad1 Qc5 18. Qg3 Ncd4 19. Kh1 a6 20. Ba4 b5
21. Nd6 bxa4 22. Nac4 a5 23. Ne3 Ne2 24. Qg4 Nc3 25. Rd2 Qg5 26. Rc1 Qxg4 27.
Nxg4 Nxe4 28. Nxe4 f5 29. Ngf6+ Kh8 30. Nxd7 Bxd7 31. Rxd7 fxe4 32. g3 Rad8 33.
Re7 Rde8 34. Rxe8 Rxe8 35. Rc4 Ng5 36. Rxa4 Re5 37. Kg2 Kg7 38. Rc4 Kf6 39. a4
Ne6 40. h3 Kf5 41. Kf1 Rc5 42. f4 0-1

[Event "XXI Festival A"]
[Site "Porto San Giorgio ITA"]
[Date "2009.08.25"]
[Round "5"]
[White "Mogranzini, Roberto"]
[Black "Grandinetti, Pietro"]
[Result "1-0"]
[WhiteElo "2415"]
[BlackElo "2110"]
[PlyCount "53"]
[EventDate "2009.08.21"]

1. e4 Nf6 2. e5 Nd5 3. d4 d6 4. c4 Nb6 5. exd6 exd6 6. Nc3 Nc6 7. Be3 Be7 8.
Be2 O-O 9. Nf3 Bf6 10. b3 Bf5 11. O-O Re8 12. Rc1 Bg6 13. d5 Ne5 14. Nd4 h6 15.
Qd2 a5 16. Rfe1 Qc8 17. Ndb5 Be7 18. f4 Ned7 19. Bg4 Qd8 20. Re2 Nc5 21. f5 Bh7
22. Bxc5 dxc5 23. Rce1 Nd7 24. d6 cxd6 25. Nxd6 Nf6 26. Nxe8 Qxd2 27. Nxf6+ 1-0